| 000 | 00596cam a22002292a 4500 | ||
|---|---|---|---|
| 001 | 003888 | ||
| 003 | AR-FADEU | ||
| 008 | 311216n1994####xxu####################dd | ||
| 020 | _a950-99711-2-X | ||
| 092 |
_aA863.42 _bL652 |
||
| 100 | _aLeumann, Carlos Alberto | ||
| 245 | _aLos gauchos a pie | ||
| 260 | _aBuenos Aires | ||
| 260 | _bSecretaría de cultura de la Nación | ||
| 260 | _bTheoria | ||
| 260 | _c1994 | ||
| 300 | _a126 p | ||
| 440 |
_aIdentidad Nacional _n64 |
||
| 500 | _aPrólogo de Antonio Requeni | ||
| 650 | _aLITERATURA-ARGENTINA; NOVELAS-ARGENTINA | ||
| 942 | _cBDGR | ||
| 999 |
_c9715 _d9715 |
||